00377nam a2200145Ia 4500008004100000020001500041041001200056082001600068100001200084245005800096260003400154300000800188650001600196700001900212221030s9999 xx 000 0 und d a8187527072 aEnglish a105.23bJai aS. Jain 4aThe Internet for Studentscby S. Jain, B. M. Aggarwal bMashbra Ind.aNew Delhic2000 a155 aBE Computer aB. M. Aggarwal